Catequética fundamental

Збережено в:
Бібліографічні деталі
Співавтор: Instituto Pastoral Apóstol Santiago (Автор)
Формат: Книга
Мова:Іспанська
Опубліковано: Santiago INPAS 2009
Редагування:1a. ed
Серія:Plan de Formación para Laicos. Arzobispado de Santiago. Módulo de Formación Específica
Предмети:
Теги: Додати тег
Немає тегів, Будьте першим, хто поставить тег для цього запису!

MARC

LEADER 00000cam a2200000 a 4500
001 UCF9015
003 CL-VaPUC
008 131018e20090800cl |||||||||||||||||spa|d
020 |a 9789568621223 
082 0 4 |a 268.4  |b INS  |2 21 
110 2 |a Instituto Pastoral Apóstol Santiago  |e author  |9 571162 
245 1 0 |a Catequética fundamental 
250 |a 1a. ed 
300 |a 43 p 
942 |c BK 
945 |d 20131018 14:00:00  |a dcastane 
260 |a Santiago  |b INPAS  |c 2009 
650 0 |a Educación religiosa   |9 308312 
650 7 |a EVANGELIZACION  |2 CL-VaPUC  |9 571163 
650 0 |a Teología pastoral   |9 257832 
650 0 |a Catecismo  |9 333878 
650 0 |a Catequesis  |9 314526 
583 |a last modification  |c 20131022 04:35:27  |k Rodrigo Vera 
490 0 |a Plan de Formación para Laicos. Arzobispado de Santiago. Módulo de Formación Específica 
999 |c 353501  |d 353499 
952 |0 0  |1 0  |3 erb  |4 0  |6 268_400000000000000_INS_2009  |7 0  |8 A  |9 458815  |a BIBTEO  |b BIBTEO  |d 2019-11-23  |i 5016207  |o 268.4 INS 2009  |p 5016207  |r 2025-01-17  |w 2019-11-23  |y BK  |z Catalogado en:20131018  |k ICR